000 01705 a2200253 4500
003 Nust
005 20230705130927.0
010 _a 97017969
040 _cNust
082 0 0 _a519,DRA
100 1 _aDraper, Norman Richard.
_9103368
245 1 0 _aApplied regression analysis /
_cNorman R. Draper, Harry Smith.
250 _a3rd ed.
260 _aNew York :
_bWiley,
_cc1998.
300 _axvii, 706 p. :
_bill. ;
_c26 cm. +
_e1 computer disk (3 1/2 in.)
440 0 _aWiley series in probability and statistics.
_911039
505 _a1.Basic prerequisite knowledge (Page-1), 2. Fittting a straight line by least squares (Page-15), 2. Cheking the straight line fit (Page-47), 3. Fitting straight lines:special topics (Page-79), 4. Regression in matrix termsstraight line case (Page-115), 5 general regression situation (Page-135), 6. Extra sum of squares and tests for several parameters being zero (Page-149), 7. Serial corelations in residuals and durben waston test (Page-179), 8. More on cheking fitted models (Page-205), 9. Multiple regression:special topics (Page 217), 10. Bias in regression (Page-235), 17. Ridge regression (Page-387), 18. Generalized linear models (Page-401), 20. Geometry of least squares (Page-427), 25. Robust regression (Page-567), 26. Resampling procedures (Page-585).
650 0 _aRegression analysis.
700 1 _aSmith, Harry,
_d1923-
_9103369
856 4 2 _3Contributor biographical information
_uhttp://www.loc.gov/catdir/bios/wiley042/97017969.html
856 4 2 _3Publisher description
_uhttp://www.loc.gov/catdir/description/wiley033/97017969.html
856 4 2 _3Table of Contents
_uhttp://www.loc.gov/catdir/toc/onix04/97017969.html
942 _2ddc
_cBK
_k519,DRA
999 _c178472
_d178472